| 000 | 00544nam a22002177a 4500 | ||
|---|---|---|---|
| 003 | UA-OsUOA | ||
| 001 | 43914 | ||
| 007 | ta | ||
| 008 | 20070129b un ||||| |||| 00| 0 ukr d | ||
| 100 | _aОпанасюк О. | ||
| 090 |
_a82 _bО-11 |
||
| 942 | _cSA | ||
| 040 |
_aUA-OsUOA _bukr _cUA-OsUOA _dUA-OsUOA |
||
| 245 | _aВитязь духу / Про І.Огієнка | ||
| 300 | _aС.1, 7 | ||
| 955 | _a0 | ||
| 041 | _aukr | ||
| 080 | _a82 | ||
| 773 | 0 | _w43913 | |
| 650 | 7 |
_a82 Література. Літературознавство _2UDC |
|
| 999 |
_c330034 _d330034 |
||